000 00514ntaaa2200205 4500
003 01
005 20251027202909.0
008 0714s1973 ag 01
040 _aAR-BaBN
_bspa
_cAR-BaBN
_eaacr
_dRIC
082 _a922.8000 F36
100 _aFenn, Mrs
_929408
245 _aAlbert R Fenn
250 _a1 ed.
260 _aLondon :
_bEchoes of Service,
_c1902
300 _a136 p
500 _aLa obra misionera en España
650 _aFenn, Albert Robert (1832-1896)
_929409
650 _aEspaña
942 _cBK
999 _c24242
_d24242